Statistiques concernant Naruto: Devinez Les Kages

Cliquez ici pour prendre le quiz!

Statistiques générales

  • Ce quiz a été pris 448 fois
  • Le résultat moyen est 17 sur 25

Statistiques - réponses

Kagenom% Correct
6ème HokageKakashi
98%
4ème HokageMinato
98%
7ème HokageNaruto
98%
2ème HokageTobirama
98%
5ème HokageTsunade
98%
1er HokageHashirama
97%
3ème HokageHiruzen
96%
5ème KazekageGaara
92%
4ème RaikageA
89%
1er RaikageA
89%
2ème RaikageA
89%
3ème RaikageA
89%
(6ème Hokage pendant 2 jours)Danzo
88%
5ème MizukageMei
72%
3ème TsuchikageOnoki
68%
2ème TsuchikageMu
65%
4ème KazekageRasa
47%
6ème MizukageChojuro
46%
4ème MizukageYagura
46%
2ème MizukageGengetsu
34%
4ème TsuchikageKurotsuchi
32%
1er KazekageReto
23%
2ème KazekageShamon
23%
1er MizukageByakuren
22%
1er TsuchikageIshikawa
17%

Distribution des résultats

Percentile par nombre de réponses

% des personnes avec chaque résultat

Votre développement - résultats

Vous n’avez pas pris ce quiz